Biggest Asian Cities within 100 Km - Statistics

General Stats
  • This quiz has been taken 1,692 times
  • The average score is 94 of 935
Answers on the Map
Answers color-coded by a green-red scale on the quiz's map according to % correct below.
 
Answer Stats
Country Dist to larger Lat Lon Pop City % Correct
Japan 2,903,304 35.68501691 139.7514074 39,500,000 Tokyo
85%
China 958,363 39.92889223 116.3882857 21,100,000 Beijing
83%
Turkey 1,243,141 41.10499615 29.01000159 14,300,000 Istanbul
81%
India 3,654,004 28.6699929 77.23000403 26,400,000 Delhi
80%
Turkey 351,817 39.92723859 32.86439164 4,675,000 Ankara
78%
China 1,201,620 31.21645245 121.4365047 30,900,000 Shanghai
78%
India 887,045 19.01699038 72.8569893 23,200,000 Mumbai
77%
South Korea 870,162 37.5663491 126.999731 24,400,000 Seoul
77%
Saudi Arabia 144,077 27.35134 35.69014 22,000 Duba
75%
Japan 404,198 34.75003522 135.4601448 17,800,000 Osaka
75%
Thailand 1,533,225 13.74999921 100.5166447 16,900,000 Bangkok
74%
Saudi Arabia 991,417 24.64083315 46.77274166 6,700,000 Riyadh
73%
China 40,000,000 23.1449813 113.3250101 47,700,000 Guangzhou
72%
Malaysia 1,006,538 3.166665872 101.6999833 7,000,000 Kuala Lumpur
72%
Taiwan 358,780 25.03583333 121.5683333 9,050,000 Taipei
72%
Singapore 316,899 1.293033466 103.8558207 6,900,000 Singapore
71%
Iran 1,913,195 35.67194277 51.42434403 13,700,000 Tehran
71%
Iraq 695,368 33.3386485 44.39386877 6,850,000 Baghdad
70%
Vietnam 322,882 21.03332725 105.8500142 2,950,000 Hanoi
70%
Vietnam 748,087 10.78002545 106.6950272 8,250,000 Ho Chi Minh City
70%
United Arab Emirates 125,186 24.46668357 54.36659338 1,240,000 Abu Dhabi
69%
Oman 380,743 23.61332481 58.59331213 1,180,000 Muscat
69%
Kazakhstan 193,195 51.1801 71.44598 345,604 Astana
68%
Azerbaijan 541,889 40.39527203 49.86221716 2,450,000 Baku
68%
India 253,112 22.4949693 88.32467566 16,000,000 Kolkata
68%
Yemen 861,650 15.3547333 44.20659338 2,475,000 Sana'a
68%
Mongolia 839,697 47.9166734 106.9166158 1,300,000 Ulaanbaatar
68%
Syria 612,357 33.500034 36.29999589 3,475,000 Damascus
67%
Bangladesh 1,425,504 23.72305971 90.40857947 17,600,000 Dhaka
67%
China 128,289 22.3049809 114.1850093 7,250,000 Hong Kong
67%
Afghanistan 370,269 34.51669029 69.18326005 3,725,000 Kabul
67%
North Korea 194,622 39.0194387 125.7546907 2,825,000 Pyongyang
67%
Israel 110,845 32.07999147 34.77001176 2,500,000 Tel Aviv-Jaffa
67%
Qatar 191,407 25.28655601 51.53296789 2,025,000 Doha
66%
Pakistan 1,101,472 24.86999229 66.99000891 24,300,000 Karachi
66%
Georgia 173,032 41.72500999 44.79079545 1,230,000 Tbilisi
66%
Sri Lanka 682,701 6.931965758 79.85775061 4,675,000 Colombo
65%
Jordan 175,298 31.95002525 35.93329993 3,350,000 Amman
64%
South Korea 328,277 35.09505292 129.0100476 4,275,000 Busan
64%
India 295,339 13.08998781 80.27999874 10,000,000 Chennai
64%
Saudi Arabia 847,548 21.51688946 39.21919755 4,225,000 Jeddah
64%
Kuwait 537,454 29.36971763 47.97830115 4,150,000 Kuwait City
64%
Japan 831,748 43.07497927 141.3400443 2,500,000 Sapporo
64%
Uzbekistan 754,277 41.31170188 69.29493282 2,650,000 Tashkent
63%
Armenia 279,232 40.18115074 44.51355139 1,480,000 Yerevan
63%
Turkey 303,567 38.43614968 27.15179401 2,950,000 Izmir
62%
Nepal 446,082 27.71669191 85.31664221 2,775,000 Kathmandu
62%
Pakistan 423,835 31.55997154 74.35002478 10,200,000 Lahore
62%
China 565,712 34.27502545 108.8949963 6,650,000 Xi'an
62%
Japan 140,274 35.15499758 136.9149914 10,400,000 Nagoya
61%
India 837,187 12.96999514 77.56000972 10,500,000 Bangalore
60%
India 500,045 17.39998313 78.47995357 9,000,000 Hyderabad
60%
Pakistan 150,664 25.379987 68.37498897 2,425,000 Hyderabad
60%
Turkmenistan 214,206 37.94999493 58.38329911 1,160,000 Ashgabat
58%
Kyrgyzstan 195,259 42.87 74.59 900,000 Bishkek
58%
Cambodia 212,099 11.55003013 104.9166345 1,880,000 Phnom Penh
58%
China 568,000 30.58003135 114.270017 8,000,000 Wuhan
58%
Syria 313,124 36.22997072 37.1700203 2,125,000 Aleppo
57%
Kazakhstan 666,491 43.32498985 76.91503617 1,770,000 Almaty
57%
China 1,240,118 30.67000002 104.0700195 9,600,000 Chengdu
57%
Maldives 609,989 4.1748 73.50888 103,693 Male
57%
Japan 138,962 34.3878351 132.442913 1,870,000 Hiroshima
56%
China 1,692,998 43.80501223 87.57500565 3,625,000 Ürümqi
56%
Burma 575,254 16.7833541 96.16667761 5,150,000 Yangon
56%
Tajikistan 305,294 38.53575 68.77905 679,400 Dushanbe
55%
Saudi Arabia 332,425 24.49998903 39.5800024 1,340,000 Medina
55%
India 445,248 23.03005292 72.58000362 7,450,000 Ahmedabad
54%
United Arab Emirates 855,742 25.22999615 55.27997432 3,925,000 Dubai
54%
China 112,859 39.13002626 117.2000191 11,400,000 Tianjin
54%
China 272,419 29.56497703 106.5949816 7,050,000 Chongqing
52%
China 508,317 45.74998395 126.6499849 5,150,000 Harbin
52%
Russia 245,711 43.10562 131.87353 587,022 Vladivostok
52%
China 505,643 24.44999208 118.080017 10,000,000 Xiamen
51%
Turkey 191,474 36.88998212 30.69997595 1,160,000 Antalya
49%
Russia 1,291,814 55.02996014 82.96004187 1,650,000 Novosibirsk
49%
India 117,758 18.53001752 73.85000362 6,100,000 Pune
49%
Bangladesh 210,094 22.32999229 91.79996741 4,525,000 Chittagong
48%
China 239,574 32.05001914 118.7799743 6,850,000 Nanjing
47%
India 239,037 26.92113324 75.80998734 3,525,000 Jaipur
45%
China 353,662 29.65 91.1 118,721 Lhasa
45%
Oman 150,410 22.56667 59.52889 71,152 Sur
45%
Russia 1,018,947 56.85002993 60.59995967 1,600,000 Yekaterinburg
45%
India 183,265 27.17042035 78.01502071 2,050,000 Agra
43%
Japan 210,422 33.59501528 130.4100138 2,650,000 Fukuoka
43%
Russia 611,177 54.98998842 73.39995357 1,180,000 Omsk
43%
China 560,410 41.80497927 123.4499735 7,650,000 Shenyang
43%
China 142,264 25.58474 100.21229 134,040 Dali
42%
China 161,837 30.24997398 120.1700187 8,300,000 Hangzhou
42%
Iraq 127,786 30.51352378 47.81355668 1,420,000 Basra
41%
Iraq 340,301 36.34500246 43.14500443 1,470,000 Mosul
41%
Cyprus 213,040 35.16667 33.36667 200,452 Nicosia
41%
Russia 522,030 52.29778 104.29639 586,695 Irkutsk
40%
India 415,181 26.85503908 80.91499874 3,325,000 Lucknow
40%
China 436,082 36.08997927 120.3300089 5,700,000 Qingdao
40%
India 204,415 21.19998374 72.84003943 5,700,000 Surat
40%
Yemen 141,279 12.77944 45.03667 550,602 Aden
39%
China 334,746 38.92283839 121.6298308 4,500,000 Dalian
39%
Iran 330,642 32.70000531 51.7000378 2,750,000 Isfahan
39%
Burma 443,796 21.96998842 96.08502885 1,400,000 Mandalay
38%
Iran 737,481 36.27001996 59.5699967 3,075,000 Mashhad
38%
China 630,939 25.06998008 102.6799751 3,950,000 Kunming
37%
Turkey 100,627 40.1999868 29.06999792 1,950,000 Bursa
36%
Russia 1,353,697 62.03389 129.73306 235,600 Yakutsk
36%
China 514,423 22.81998822 108.3200443 3,200,000 Nanning
35%
Myanmar 246,384 19.745 96.12972 925,000 Naypyidaw
35%
China 218,417 26.07999595 119.3000459 3,925,000 Fuzhou
34%
India 422,216 21.16995974 79.08999385 3,025,000 Nagpur
34%
China 292,433 28.19996991 112.969993 4,450,000 Changsha
33%
Vietnam 493,591 16.06778 108.22083 752,493 Da Nang
33%
Pakistan 118,992 31.40998069 73.10999711 3,950,000 Faisalabad
33%
Thailand 292,415 18.79038 98.98468 200,952 Chiang Mai
32%
China 143,535 31.85003135 117.2800142 4,550,000 Hefei
32%
Thailand 172,323 7.89059 98.3981 89,072 Phuket
32%
China 441,188 34.75499615 113.6650927 4,675,000 Zhengzhou
32%
Japan 626,638 26.20717165 127.6729716 1,190,000 Naha
31%
Japan 310,119 38.28710614 141.0217175 1,490,000 Sendai
31%
China 186,866 23.37000633 116.6700256 7,950,000 Shantou
31%
Saudi Arabia 387,119 26.42819175 50.09967037 2,375,000 Dammam
30%
Iran 350,338 29.62996014 52.57001054 1,710,000 Shiraz
30%
Iran 400,215 38.08629152 46.30124589 1,620,000 Tabriz
30%
Turkey 186,003 36.99498863 35.32000403 1,680,000 Adana
29%
India 338,896 22.71505922 75.86502274 2,775,000 Indore
29%
Russia 195,844 55.15499127 61.43866817 1,400,000 Chelyabinsk
28%
Malaysia 275,400 5.413613156 100.3293679 1,550,000 George Town
28%
Taiwan 297,305 22.63330711 120.2666019 2,800,000 Kaohsiung
28%
Russia 634,608 56.01398277 92.86600053 1,090,000 Krasnoyarsk
28%
Pakistan 242,950 33.59997622 73.04002722 3,850,000 Rawalpindi
28%
China 251,543 28.0199809 120.6500927 5,900,000 Wenzhou
28%
India 169,127 23.24998781 77.40999304 2,175,000 Bhopal
27%
Afghanistan 199,141 31.61332 65.71013 391,190 Kandahar
27%
Turkey 230,315 37.87501243 32.47500972 1,210,000 Konya
27%
Iran 121,333 34.65001548 50.95000606 1,180,000 Qom
27%
China 505,061 36.05602785 103.7920003 2,850,000 Lanzhou
25%
India 232,504 25.62495913 85.13003861 2,475,000 Patna
25%
Russia 1,512,430 53.04444 158.65076 187,282 Petropavlovsk-Kamchatsky
25%
China 233,699 43.86500856 125.3399873 3,700,000 Changchun
24%
China 273,092 36.67498232 116.9950187 3,950,000 Jinan
24%
Pakistan 426,512 30.22000165 67.02499385 1,180,000 Quetta
24%
Syria 140,717 34.72682 36.72339 775,404 Homs
23%
China 139,243 29.87997072 121.5500378 3,350,000 Ningbo
23%
Kazakhstan 251,140 54.87278 69.143 200,920 Petropavlov
23%
China 115,359 31.57999615 120.2999849 3,275,000 Wuxi
23%
China 370,187 20.05000226 110.3200256 1,800,000 Haikou
22%
Pakistan 146,423 34.00501609 71.53500281 1,900,000 Peshawar
22%
China 360,518 37.87501243 112.5450577 4,200,000 Taiyuan
22%
Russia 206,564 56.49771 84.97437 485,519 Tomsk
22%
India 134,858 10.01500755 76.22391557 1,530,000 Kochi
21%
India 192,914 25.17999921 75.83499874 1,200,000 Kotā
21%
Russia 872,170 59.5638 150.80347 95,282 Magadan
21%
Russia 1,082,126 69.3535 88.2027 140,800 Noril'sk
21%
India 216,661 25.32999005 83.00003943 1,790,000 Varanasi
21%
South Korea 137,341 35.1709656 126.9104341 1,590,000 Gwangju
20%
Afghanistan 320,376 34.34817 62.19967 272,806 Herat
20%
India 286,797 26.29176597 73.01677283 1,320,000 Jodhpur
20%
India 227,829 10.99996035 76.95002112 2,450,000 Coimbatore
19%
China 156,364 40.81997479 111.6599955 1,780,000 Huhehot
19%
Pakistan 207,551 30.19997703 71.45500769 2,150,000 Multan
19%
China 171,138 38.05001467 114.4799784 3,850,000 Shijiazhuang
19%
China 262,034 28.67999229 115.8799963 3,675,000 Nanchang
18%
Japan 141,620 34.67202964 133.9170865 2,200,000 Okayama
18%
Taiwan 132,840 24.15207745 120.681667 2,350,000 Taichung
18%
Russia 232,937 51.82721 107.60627 360,278 Ulan-Ude
18%
Georgia 111,997 41.64159 41.63593 121,806 Batumi
17%
Russia 405,991 52.03171 113.50087 308,500 Chita
17%
China 331,021 26.58004295 106.7200386 2,875,000 Guiyang
17%
Turkey 179,181 41.005 39.72694 244,083 Trabzon
17%
Malaysia 702,293 1.55 110.33333 570,407 Kuching
16%
Turkey 181,584 38.49239 43.38311 371,713 Van
16%
China 387,630 40.65220725 109.8220198 2,150,000 Baotou
15%
India 243,376 21.2166667 81.4333333 2,550,000 Bhilai
15%
Russia 359,960 48.48272 135.08379 579,000 Khabarovsk
15%
Turkey 292,260 41.28667 36.33 394,050 Samsun
15%
India 117,549 25.45499534 81.84000688 1,370,000 Allahabad
14%
Russia 1,492,816 64.73424 177.5103 10,332 Anadyr
14%
Malaysia 671,891 5.9749 116.0724 457,326 Kota Kinabalu
14%
India 175,147 9.920026264 78.12002722 1,640,000 Madurai
14%
India 173,375 34.09997154 74.81500932 1,450,000 Srinagar
14%
China 266,250 34.28001223 117.1800203 2,550,000 Xuzhou
14%
Jordan 192,376 29.52667 35.00778 95,048 Aqaba
13%
India 231,372 30.71999697 76.78000565 2,025,000 Chandigarh
13%
South Korea 118,461 36.33554567 127.425028 1,600,000 Daejeon
13%
Turkey 193,705 38.73495994 35.49001949 1,060,000 Kayseri
13%
China 109,780 34.67998781 112.4700752 1,960,000 Luoyang
13%
India 604,731 11.66667 92.75 112,050 Port Blair
13%
India 199,550 22.31001935 70.80000891 1,650,000 Rajkot
13%
Oman 598,482 17.01505 54.09237 163,140 Salalah
13%
China 155,865 37.53040814 121.4000211 2,100,000 Yantai
13%
Turkey 267,402 37.91583 40.21889 644,763 Diyarbakir
12%
Russia 300,480 57.15222 65.52722 519,119 Tyumen
12%
India 100,798 22.31001935 73.18001868 2,050,000 Vadodara
12%
China 126,142 38.87042971 115.4800207 1,610,000 Baoding
11%
China 152,051 25.2799931 110.280028 1,200,000 Guilin
11%
India 302,940 26.16001691 91.76999508 1,060,000 Guwahati
11%
China 137,772 35.07998924 118.329976 1,720,000 Linyi
11%
Turkmenistan 224,350 37.59378 61.83031 114,680 Mary
11%
India 122,029 12.30998374 76.66001298 1,120,000 Mysore
11%
China 114,638 47.34497703 123.9899922 1,060,000 Qiqihar
11%
Russia 640,738 61.25 73.41667 300,367 Surgut
11%
China 101,747 39.62433718 118.194377 2,450,000 Tangshan
11%
China 192,009 36.6199986 101.7700048 1,330,000 Xining
11%
Russia 354,996 46.95407 142.73603 176,484 Yuzhno-Sakhalinsk
11%
Iran 121,372 31.27998863 48.72001298 1,250,000 Ahvaz
10%
Uzbekistan 217,444 39.77472 64.42861 247,644 Bukhara
10%
China 157,316 46.57995913 125.0000081 1,560,000 Daqing
10%
China 161,571 40.08001996 113.2999987 1,520,000 Datong
10%
Azerbaijan 166,322 40.68278 46.36056 313,300 Ganja
10%
Sri Lanka 155,915 9.66845 80.00742 169,102 Jaffna
10%
Kazakhstan 574,027 49.83333 73.1658 451,800 Karagandy
10%
Iran 441,175 30.28321 57.07879 577,514 Kerman
10%
India 109,825 23.37000633 85.33002641 1,290,000 Ranchi
10%
Kazakhstan 112,659 42.3 69.6 414,032 Shymkent
10%
China 346,508 38.46797365 106.2730375 1,530,000 Yinchuan
10%
Russia 193,075 53.36056 83.76361 599,579 Barnaul
9%
Russia 461,224 56.1325 101.61417 256,600 Bratsk
9%
North Korea 182,078 39.91833 127.53639 559,056 Hamhung
9%
Bangladesh 130,773 22.839987 89.56000077 1,070,000 Khulna
9%
Russia 268,931 50.55034 137.00995 275,908 Komsomolsk-on-Amur
9%
Kazakhstan 382,215 52.27401 77.00438 329,002 Pavlodar
9%
United Arab Emirates 124,871 24.19167 55.76056 408,733 Al Ain
8%
Kazakhstan 305,791 47.11667 51.88333 180,000 Atyrau
8%
India 161,658 19.89569643 75.32030147 1,590,000 Aurangabad
8%
Iran 222,489 27.1865 56.2808 352,173 Bandar 'Abbas
8%
Thailand 152,501 19.90858 99.8325 78,756 Chiang Rai
8%
Japan 105,661 41.77583 140.73667 275,730 Hakodate
8%
Malaysia 124,087 4.5841 101.0829 673,318 Ipoh
8%
India 239,283 23.17505699 79.95505733 1,390,000 Jabalpur
8%
China 124,368 27.11716 114.97927 245,000 Ji'an
8%
Russia 147,017 55.33333 86.08333 477,090 Kemerovo
8%
Georgia 156,130 42.26791 42.69459 178,338 K'ut'aisi
8%
China 187,515 24.28000246 109.2500134 1,920,000 Liuzhou
8%
Mongolia 292,665 49.63417 100.1625 27,690 Mörön
8%
Vietnam 296,246 12.24507 109.19432 283,441 Nha Trang
8%
Uzbekistan 502,106 42.45306 59.61028 230,006 Nukus
8%
Nepal 145,959 28.26689 83.96851 200,000 Pokhara
8%
India 110,226 11.66999697 78.18007523 1,030,000 Salem
8%
Kazakhstan 306,904 43.64806 51.17222 147,443 Aktau
7%
Kazakhstan 114,170 48.03333 72.83333 9,977 Aktau
7%
India 357,384 20.27042808 85.82736039 1,730,000 Bhubaneswar
7%
North Korea 225,720 41.79556 129.77583 327,000 Chongjin
7%
Turkey 239,499 39.90861 41.27694 420,691 Erzurum
7%
Turkey 131,102 39.77667 30.52056 514,869 Eskisehir
7%
India 105,486 26.2299868 78.18007523 1,280,000 Gwalior
7%
Afghanistan 110,245 34.42647 70.45153 200,331 Jalalabad
7%
Russia 302,176 51.71472 94.45338 108,240 Kyzyl
7%
China 141,988 30.78043256 106.1299971 1,040,000 Nanchong
7%
Uzbekistan 200,463 39.65417 66.95972 319,366 Samarqand
7%
China 211,514 18.24306 109.505 144,753 Sanya
7%
Russia 875,617 71.69002 128.86467 5,700 Tiksi
7%
Turkmenistan 106,870 39.07328 63.57862 234,817 Turkmenabat
7%
China 258,827 32.01999514 112.1300443 1,560,000 Xiangyang
7%
Iran 266,532 31.89722 54.3675 477,905 Yazd
7%
China 134,984 29.12004295 119.6499987 1,570,000 Yiwu
7%
Russia 271,972 53.71556 91.42917 167,289 Abakan
6%
India 127,710 23.6833333 86.9833333 1,500,000 Āsansol
6%
China 161,011 34.38000612 107.1499865 1,000,000 Baoji
6%
Mongolia 241,909 49.03333 104.08333 79,647 Erdenet
6%
China 163,150 36.5799752 114.4799784 1,360,000 Handan
6%
China 145,629 33.58000327 119.0299849 1,880,000 Huai'an
6%
India 372,845 15.35997845 75.12501623 1,050,000 Hubli
6%
India 221,039 22.78753542 86.19751868 1,540,000 Jamshedpur
6%
China 104,888 41.0275 113.10583 258,757 Jining
6%
Russia 189,917 55.45 65.33333 343,129 Kurgan
6%
Afghanistan 250,575 36.70904 67.11087 303,282 Mazar-e Sharif
6%
Malaysia 286,524 4.4148 114.0089 228,212 Miri
6%
Russia 787,665 62.53528 113.96111 40,308 Mirny
6%
China 115,035 33.00040041 112.5300199 1,020,000 Nanyang
6%
Kazakhstan 233,542 51.23333 51.36667 200,000 Oral
6%
Bangladesh 140,068 24.89904 91.87198 237,000 Sylhet
6%
Saudi Arabia 395,671 28.3998 36.5715 455,450 Tabuk
6%
Russia 574,411 67.49884 64.05253 80,039 Vorkuta
6%
Turkey 122,319 36.54375 31.99982 112,969 Alanya
5%
Yemen 483,319 14.54248 49.12424 258,132 Al Mukalla
5%
China 426,207 47.84864 88.13361 139,341 Altay
5%
China 106,970 40.51556 81.26361 260,000 Aral
5%
Kazakhstan 112,446 46.8 61.66667 33,017 Aral
5%
Turkmenistan 260,499 39.51075 54.36713 87,822 Balkanabat
5%
Iran 179,804 29.106 58.357 99,268 Bam
5%
India 183,121 28.34538739 79.41999955 1,170,000 Bareilly
5%
Cambodia 238,186 13.10271 103.19822 150,444 Battambang
5%
Vietnam 127,344 10.03333 105.78333 259,598 Can Tho
5%
China 142,463 29.04638 111.6783 517,780 Changde
5%
China 139,316 40.12917 124.39472 631,973 Dandong
5%
Turkey 171,877 37.77417 29.0875 313,238 Denizli
5%
Russia 499,249 73.50819 80.52918 1,113 Dikson
5%
China 354,496 42.83393 93.50601 137,072 Hami
5%
China 151,004 26.88002464 112.5900162 1,710,000 Hengyang
5%
China 395,516 37.1075 79.93548 114,000 Hotan
5%
China 343,132 39.45472 75.97972 274,717 Kashi
5%
Russia 208,112 60.72528 114.92778 23,694 Lensk
5%
China 316,793 26.86879 100.22072 1,137,600 Lijiang
5%
India 205,507 12.91723 74.85603 417,387 Mangalore
5%
China 111,035 31.46997703 104.7699768 1,170,000 Mianyang
5%
Uzbekistan 202,579 40.9983 71.67257 432,456 Namangan
5%
Russia 226,049 53.7557 87.1099 539,616 Novokuznetsk
5%
Russia 430,651 59.362 143.21468 5,570 Okhotsk
5%
China 126,773 39.93036501 119.6200264 1,110,000 Qinhuangdao
5%
Thailand 267,340 9.14011 99.33311 127,201 Surat Thani
5%
Yemen 177,255 13.57952 44.02091 615,222 Ta`izz
5%
India 179,042 8.4855 76.94924 784,153 Thiruvananthapuram
5%
India 200,280 24.57117 73.69183 422,784 Udaipur
5%
India 248,844 16.51995933 80.63000321 1,760,000 Vijayawada
5%
China 167,215 30.69997235 111.2800187 1,150,000 Yichang
5%
China 127,470 21.19998374 110.3800219 1,160,000 Zhanjiang
5%
India 125,439 26.44976 74.64116 517,911 Ajmer
4%
Mongolia 158,622 46.37222 96.25833 15,800 Altai
4%
Iraq 146,752 31.9892 44.3291 482,576 An Najaf al Ashraf
4%
Kazakhstan 222,395 50.27969 57.20718 262,457 Aqtobe
4%
Saudi Arabia 332,287 30.97531 41.03808 148,540 'Ar'ar
4%
Japan 113,404 43.77063 142.36489 356,612 Asahikawa
4%
India 193,757 28.02094 73.30749 576,015 Bikaner
4%
Russia 616,710 68.05464 166.43721 5,757 Bilibino
4%
Saudi Arabia 330,431 26.32599 43.97497 391,336 Buraydah
4%
China 219,848 42.27001548 118.9499898 1,030,000 Chifeng
4%
Maldives 494,761 -0.29878 73.42403 11,140 Fuvahmulah
4%
Yemen 333,456 12.64881 54.01895 8,545 Hadibu
4%
Iran 141,580 34.79922 48.51456 528,256 Hamadan
4%
China 331,673 47.35118 130.30012 743,307 Hegang
4%
Mongolia 506,357 44.67024 102.17491 27,924 Hovd
4%
China 154,531 41.12036989 121.1000394 1,040,000 Jinzhou
4%
India 326,554 10.56688 72.64203 10,688 Kavaratti
4%
Mongolia 262,736 48.00556 91.64194 30,500 Khovd
4%
Kazakhstan 258,866 53.21435 63.62463 210,000 Kostanay
4%
India 130,684 11.24802 75.7804 439,922 Kozhikode
4%
Kazakhstan 435,363 44.85278 65.50917 300,000 Kyzylorda
4%
Jordan 102,142 30.19624 35.73405 50,350 Ma'an
4%
Russia 664,020 56.66637 124.63825 66,320 Neryungri
4%
Russia 240,687 63.19309 75.43728 110,000 Noyabrsk
4%
China 115,930 39.6086 109.78157 1,940,653 Ordos
4%
Iran 204,249 37.28077 49.58319 594,590 Rasht
4%
Tajikistan 106,563 39.02872 70.37446 10,771 Rasht
4%
Malaysia 226,992 5.8402 118.1179 392,288 Sandakan
4%
Turkey 173,243 39.74833 37.01611 264,022 Sivas
4%
Georgia 121,820 43.00697 40.9893 81,546 Sokhumi
4%
Russia 220,538 56.89436 74.37096 26,986 Tara
4%
Thailand 462,622 17.41567 102.78589 247,231 Udon Thani
4%
India 433,090 17.73001467 83.30498205 1,980,000 Vishakhapatnam
4%
China 217,290 30.81999086 108.4000394 1,020,000 Wanzhou
4%
China 101,486 33.3855556 120.1252778 1,250,000 Yancheng
4%
Iran 375,760 29.4963 60.8629 551,980 Zahedan
4%
China 159,207 40.83000002 114.9299768 1,190,000 Zhangjiakou
4%
Russia 221,166 58.61021 125.39613 24,426 Aldan
3%
Iran 125,007 34.09174 49.68916 503,647 Arak
3%
Iran 156,474 38.2498 48.2933 410,753 Ardabil
3%
Russia 502,118 67.65653 134.63962 4,266 Batagay
3%
Pakistan 156,469 26.2271 66.3111 20,119 Bela
3%
Russia 234,092 50.27961 127.5405 221,296 Blagoveshchensk
3%
Turkey 131,365 40.14556 26.40639 87,791 Canakkale
3%
Russia 223,706 68.75325 161.33197 3,707 Cherskiy
3%
India 127,954 30.32443 78.03392 522,081 Dehradun
3%
Syria 236,517 35.33588 40.14084 242,565 Deir ez-Zor
3%
Russia 285,735 69.30958 139.97571 3,484 Deputatsky
3%
China 202,214 43.6475 111.97667 16,427 Erenhot
3%
China 108,471 32.9 115.81667 170,023 Fuyang
3%
China 366,982 49.2 119.7 211,066 Hailar
3%
India 172,597 24.80805 93.9442 223,523 Imphal
3%
Iran 254,815 27.20245 60.68476 131,232 Iranshahr
3%
Japan 247,815 24.34478 124.15717 44,802 Ishigaki
3%
India 138,687 26.91763 70.90387 67,604 Jaisalmer
3%
China 248,897 21.99102 100.73409 62,105 Jinghong
3%
Iran 271,502 34.3838 47.0553 766,706 Kahriz
3%
Russia 178,492 56.20167 95.7175 101,502 Kansk
3%
Kyrgyzstan 146,863 42.49068 78.39362 70,171 Karakol
3%
Russia 586,484 71.98002 102.47111 3,205 Khatanga
3%
Russia 382,912 56.32035 160.84541 10,000 Klyuchi
3%
Malaysia 225,943 6.13328 102.2386 1,459,994 Kota Bharu
3%
Afghanistan 156,010 36.72896 68.857 161,902 Kunduz
3%
India 229,965 34.16504 77.58402 37,475 Leh
3%
Turkey 137,884 38.35018 38.31667 441,805 Malatya
3%
China 256,168 44.58333 129.6 665,915 Mudanjiang
3%
India 201,497 19.16023 77.31497 550,564 Nanded
3%
Japan 247,044 28.36667 129.48333 41,365 Naze
3%
Russia 172,810 60.9344 76.5531 244,937 Nizhnevartovsk
3%
Russia 231,411 68.50472 112.4485 2,265 Olenyok
3%
Russia 240,642 69.70287 170.29993 4,837 Pevek
3%
China 440,611 31.1304 97.17982 86,280 Qamdo
3%
Bangladesh 181,486 24.374 88.60114 700,133 Rajshahi
3%
Bangladesh 134,751 25.74664 89.25166 343,122 Rangpur
3%
Turkey 125,627 37.16708 38.79392 449,549 Sanliurfa
3%
Kazakhstan 174,516 50.42675 80.26669 292,780 Semey
3%
Malaysia 184,697 2.3 111.81667 198,239 Sibu
3%
Cambodia 143,630 10.60932 103.52958 156,691 Sihanoukville
3%
India 116,560 10.80999778 78.68996659 1,130,000 Tiruchirappalli
3%
Turkmenistan 133,642 40.02216 52.95518 68,292 Turkmenbasy
3%
Kazakhstan 385,478 49.97143 82.60586 319,067 Ust-Kamenogorsk
3%
Russia 682,933 64.56968 143.237 9,148 Ust-Nera
3%
Malaysia 102,039 5.27667 115.24167 73,653 Victoria
3%
Vietnam 201,423 18.67336 105.69232 163,759 Vinh
3%
China 125,674 27.70002626 106.9200264 1,130,000 Zunyi
3%
India 159,227 23.72894 92.71791 265,331 Aizawl
2%
Yemen 148,047 14.79781 42.95452 617,871 Al Hudaydah
2%
Kazakhstan 281,121 50.24915 66.92027 42,000 Arkalyk
2%
Kazakhstan 274,006 47.96447 80.43437 33,479 Ayagoz
2%
Russia 397,410 65.9338 111.4834 15,267 Aykhal
2%
Russia 214,362 54.43333 113.6 4,676 Bagdarin
2%
Kazakhstan 305,829 46.84806 74.995 81,364 Balqash
2%
Russia 180,002 67.79846 130.40119 1,666 Batagay-Alyta
2%
China 220,717 48.26667 126.6 436,444 Bei'an
2%
China 130,797 21.48333 109.1 289,568 Beihai
2%
Russia 241,502 68.53805 146.18583 2,383 Belaya Gora
2%
Malaysia 165,788 3.16667 113.03333 151,617 Bintulu
2%
Russia 133,517 52.53639 85.20722 215,430 Biysk
2%
Russia 322,963 57.85056 114.19333 15,933 Bodaybo
2%
Russia 259,865 51.12853 133.00827 14,855 Chegdomyn
2%
China 150,180 40.9725 117.93611 449,325 Chengde
2%
Russia 336,057 70.61897 147.8973 2,506 Chokurdakh
2%
Russia 267,023 54.71857 135.3163 1,305 Chumikan
2%
China 115,171 43.3725 128.2425 148,844 Dunhua
2%
Russia 216,045 53.06972 132.94011 1,177 Ekimchan
2%
Russia 191,119 61.91722 159.23348 2,024 Evensk
2%
Kazakhstan 119,969 44.50654 50.26388 5,213 Fort-Shevchenko
2%
China 109,808 42.01556 121.65889 689,050 Fuxin
2%
India 162,022 29.44702 75.67181 1,324,570 Gorakhpur
2%
India 162,190 26.75479 83.37235 674,246 Gorakhpur
2%
Iran 127,426 36.84165 54.44361 244,937 Gorgan
2%
Saudi Arabia 262,727 27.52188 41.69073 267,005 Hayil
2%
Oman 297,248 19.95931 56.27575 1,294 Hayma'
2%
Russia 217,127 67.4655 86.6027 7,470 Igarka
2%
China 367,720 39.81121 98.28618 122,396 Jiayuguan
2%
China 106,708 29.73333 115.98333 258,807 Jiujiang
2%
Turkey 100,183 37.18111 33.215 120,399 Karaman
2%
Saudi Arabia 361,788 18.3 42.73333 387,553 Khamis Mushait
2%
Russia 194,819 61.00417 69.00194 67,800 Khanty-Mansiysk
2%
Tajikistan 114,317 40.28256 69.62216 144,865 Khujand
2%
Maldives 274,966 6.62207 73.06998 9,500 Kulhudhuffushi
2%
Japan 185,320 42.975 144.37472 183,612 Kushiro
2%
Russia 229,917 58.23583 92.48278 65,945 Lesosibirsk
2%
Russia 289,592 53.73417 119.76515 12,647 Mogocha
2%
Myanmar 251,721 12.43954 98.60028 173,298 Myeik
2%
Myanmar 273,812 25.38641 97.39439 90,894 Myitkyina
2%
China 211,296 31.47678 92.05729 30,000 Nagqu
2%
India 145,731 20.00041872 73.77998205 1,830,000 Nasik
2%
Russia 385,782 53.14657 140.72288 27,152 Nikolayevsk-on-Amur
2%
Russia 327,244 66.08333 76.63333 94,212 Novyy Urengoy
2%
Russia 237,271 63.28417 118.33194 9,972 Nyurba
2%
Russia 156,432 53.58991 142.95313 26,560 Okha
2%
Russia 359,020 62.51575 155.79038 4,201 Omsukchan
2%
Russia 312,301 59.08384 159.9563 3,671 Palana
2%
India 133,761 11.93381 79.82979 227,411 Puducherry
2%
Iran 101,281 36.26877 50.0041 333,635 Qazvin
2%
Russia 154,981 66.53 66.60194 38,025 Salekhard
2%
Vietnam 120,703 22.34023 103.84415 138,622 Sa Pa
2%
India 259,370 26.71004 88.42851 515,574 Shiliguri
2%
India 236,922 17.6704059 75.90000769 1,030,000 Sholapur
2%
Myanmar 174,205 20.14624 92.89835 177,743 Sittwe
2%
Russia 251,126 48.97215 140.28919 29,740 Sovetskaya Gavan'
2%
Cambodia 177,347 13.52586 105.9683 25,000 Stung Treng
2%
Pakistan 260,737 27.70516 68.85738 417,767 Sukkur
2%
Russia 314,499 62.78075 148.15396 7,367 Susuman
2%
Kazakhstan 159,569 42.9 71.36667 358,153 Taraz
2%
Russia 212,909 60.42795 166.05764 1,968 Tilichiki
2%
Russia 200,099 58.19807 68.25457 113,800 Tobol'sk
2%
Sri Lanka 155,719 8.5711 81.2335 108,420 Trincomalee
2%
Russia 559,685 64.27769 100.21849 5,444 Tura
2%
Pakistan 269,990 26.00228 63.04399 75,694 Turbat
2%
Russia 168,252 55.156 124.72479 37,335 Tynda
2%
Russia 217,516 58.00056 102.66194 100,271 Ust'-Ilimsk
2%
Russia 230,002 56.7938 105.7672 48,202 Ust'-Kut
2%
Japan 190,195 45.40944 141.67389 41,556 Wakkanai
2%
China 163,921 37.92672 102.63202 493,092 Wuwei
2%
China 303,072 43.96667 116.03333 120,965 Xilin Hot
2%
China 130,751 29.37455 113.09481 5,000,000 Yueyang
2%
China 146,348 38.29056 109.74944 90,870 Yulin
2%
China 105,132 22.63333 110.15 148,485 Yulin
2%
China 115,578 29.12944 110.47833 86,083 Zhangjiajie
2%
Turkey 138,466 41.45139 31.79305 100,229 Zonguldak
2%
Russia 149,811 56.2694 90.4993 117,634 Achinsk
1%
Turkey 106,647 40.78056 30.40333 286,787 Adapazari
1%
Saudi Arabia 163,984 23.9065 42.91724 40,648 `Afif
1%
Turkey 135,056 39.71944 43.05139 92,022 Agri
1%
Japan 174,114 39.71806 140.10333 325,837 Akita Shi
1%
Turkey 133,374 38.37255 34.02537 152,201 Aksaray
1%
Iraq 120,597 31.83588 47.144 323,302 Al `Amarah
1%
Yemen 223,134 16.20787 52.17605 10,948 Al Ghayzah
1%
India 104,757 27.56246 76.625 283,228 Alwar
1%
India 140,743 20.93333 77.75 603,837 Amravati
1%
China 165,215 32.68 109.01722 132,654 Ankang
1%
China 149,820 30.51365 117.04723 358,661 Anqing
1%
Japan 133,945 40.82444 140.74 298,394 Aomori Shi
1%
Syria 123,344 35.95283 39.00788 177,636 Ar Raqqah
1%
Iraq 167,315 33.03718 40.28586 22,370 Ar Rutbah
1%
Saudi Arabia 314,775 20.46067 45.57792 24,097 As Sulayyil
1%
Russia 265,052 56.46314 138.17777 1,286 Ayan
1%
China 200,203 45.60746 122.82076 316,970 Baicheng
1%
Turkey 118,250 39.64917 27.88611 238,151 Balikesir
1%
Afghanistan 127,490 34.82156 67.82734 61,863 Bamyan
1%
Mongolia 316,885 46.68056 113.27917 15,805 Baruun-Urt
1%
Russia 231,924 61.67694 96.37917 3,748 Baykit
1%
Russia 207,244 63.06101 179.35046 1,861 Beringovskiy
1%
Iran 321,581 32.86628 59.22114 196,982 Birjand
1%
Russia 162,875 48.79284 132.92386 76,146 Birobidzhan
1%
China 123,852 25.8 113.03333 179,038 Chenzhou
1%
Mongolia 181,410 48.07257 114.53264 23 Choibalsan
1%
Turkey 141,990 40.54889 34.95333 183,418 Corum
1%
Mongolia 217,613 43.57083 104.425 15,093 Dalandzadgad
1%
Mongolia 143,067 49.48667 105.92278 74,300 Darhan
1%
India 210,082 27.47989 94.90837 122,155 Dibrugarh
1%
Vietnam 135,525 21.38602 103.02301 40,282 Dien Bien Phu
1%
Turkey 121,913 39.75222 39.49278 114,027 Erzincan
1%
China 237,858 27.93557 109.59961 370,000 Fenghuang
1%
Turkey 127,932 36.62167 29.11639 60,437 Fethiye
1%
Afghanistan 127,908 33.55391 68.42096 141,000 Ghazni
1%
Pakistan 169,123 35.91868 74.31245 10,414 Gilgit
1%
China 146,723 32.44202 105.823 213,365 Guangyuan
1%
Pakistan 121,374 25.12163 62.32541 51,901 Gwadar
1%
Turkey 103,061 37.57444 43.74083 77,699 Hakkari
1%
China 133,010 33.07278 107.03028 145,986 Hanzhong
1%
Thailand 102,890 12.57065 99.95876 50,456 Hua Hin
1%
Oman 116,843 23.22573 56.51572 101,640 `Ibri
1%
Japan 104,140 37.05 140.88333 357,309 Iwaki
1%
South Korea 186,037 33.50972 126.52194 408,364 Jeju-si
1%
China 119,187 29.2947 117.20789 310,565 Jingdezhen
1%
China 133,551 45.3011 130.95718 403,759 Jixi
1%
Saudi Arabia 146,971 16.88917 42.55111 105,198 Jizan
1%
Japan 138,241 31.56018 130.55814 555,352 Kagoshima-shi
1%
Sri Lanka 132,989 7.40902 81.83472 100,171 Kalmunai
1%
Japan 158,816 36.59444 136.62556 458,937 Kanazawa-shi
1%
Iran 140,481 33.48778 48.35583 329,825 Khorramabad
1%
Yemen 132,658 12.18576 52.23332 2,013 Kilmia
1%
Japan 100,003 43.80306 143.89083 113,137 Kitami
1%
Cambodia 126,245 11.61531 102.9838 33,134 Koh Kong
1%
Kazakhstan 177,793 53.28244 69.39692 124,444 Kokshetau
1%
Russia 224,618 58.31306 82.90889 27,876 Kolpashevo
1%
Malaysia 133,692 5.3302 103.1408 285,065 Kuala Terengganu
1%
Malaysia 194,081 3.8077 103.326 366,229 Kuantan
1%
Tajikistan 111,828 37.91458 69.78454 78,786 Kulob
1%
Japan 183,348 45.22686 147.87766 1,719 Kuril'sk
1%
Russia 296,798 55.44753 78.32181 48,308 Kuybyshev
1%
China 160,059 42.9251 89.16831 254,900 Laochenglu
1%
Myanmar 201,842 22.9359 97.7498 131,016 Lashio
1%
China 101,274 29.56228 103.76386 154,477 Leshan
1%
China 116,179 26.59444 104.83333 251,900 Liupanshui
1%
Mongolia 222,346 45.7625 106.27083 15,430 Mandalgovi
1%
Japan 113,441 35.47222 133.05056 156,811 Matsue-shi
1%
Myanmar 159,265 16.49051 97.62825 438,861 Mawlamyine
1%
United Arab Emirates 152,015 23.14355 53.7881 10,000 Muzayri`
1%
Japan 139,285 36.65139 138.18111 360,176 Nagano-shi
1%
Saudi Arabia 172,684 17.4924 44.12766 258,573 Najran
1%
Thailand 210,554 14.97066 102.10196 208,781 Nakhon Ratchasima
1%
Thailand 104,734 8.43333 99.96667 120,836 Nakhon Si Thammarat
1%
Kyrgyzstan 167,013 41.42866 75.99111 52,300 Naryn
1%
India 154,166 14.45363 79.98674 404,158 Nellore
1%
Japan 105,034 43.32361 145.575 31,223 Nemuro
1%
Japan 166,445 37.90222 139.02361 505,272 Niigata-shi
1%
Russia 229,714 62.14056 65.39361 52,137 Nyagan
1%
Russia 303,818 60.3743 120.4203 8,813 Olyokminsk
1%
Turkey 134,300 40.98472 37.87889 116,788 Ordu
1%
Russia 179,037 59.24781 163.07034 2,420 Ossora
1%
Laos 102,956 15.12022 105.79898 88,332 Pakxe
1%
China 108,079 33.73847 113.30119 889,675 Pingdingshan
1%
Russia 206,909 49.22188 143.09694 16,677 Poronaysk
1%
Myanmar 139,569 18.82464 95.22216 135,308 Pyay
1%
Kazakhstan 227,360 48.00684 70.78918 13,807 Qarazhal
1%
Vietnam 169,451 13.77648 109.22367 210,338 Qui Nhon
1%
China 211,225 29.25 88.88333 80,000 Rikaze
1%
Russia 137,852 51.51473 81.20613 161,065 Rubtsovsk
1%
China 169,676 29.32367 85.22601 3,765 Saga
1%
Saudi Arabia 137,131 29.96974 40.20641 128,332 Sakaka
1%
Iran 103,429 35.31495 46.99883 349,176 Sanandaj
1%
Iran 176,213 36.56332 53.06009 255,396 Sari
1%
Russia 390,796 71.96347 114.09199 1,920 Saskylakh
1%
China 255,204 41.76055 86.15231 179,465 Sayibage
1%
Mongolia 417,425 44.88239 110.11631 19,891 Saynshand
1%
Iran 113,463 35.57692 53.39205 124,826 Semnan
1%
Russia 255,424 55.63695 109.32297 25,800 Severobaikalsk
1%
China 180,035 28.45322 117.9686 318,769 Shangrao
1%
China 117,496 27.82511 99.70779 130,000 Shangri-La
1%
China 134,127 24.8 113.58333 628,749 Shaoguan
1%
China 135,067 44.3023 86.03694 572,772 Shihezi
1%
China 145,065 32.6475 110.77806 3,460,000 Shiyan
1%
China 110,284 43.16143 124.37785 555,609 Siping
1%
Russia 228,793 67.45659 153.70246 3,459 Srednekolymsk
1%
Iran 228,854 33.59586 56.92437 49,993 Tabas
1%
China 208,868 52.33333 124.73333 60,874 Tahe
1%
Myanmar 123,141 20.78919 97.03776 160,115 Taunggyi
1%
Malaysia 177,723 4.2498 117.8871 306,462 Tawau
1%
China 131,185 34.57952 105.74238 3,500,000 Tianshui
1%
Russia 165,216 57.75979 158.68161 1,993 Tigil'
1%
China 178,355 43.6125 122.26528 261,110 Tongliao
1%
Kazakhstan 230,222 49.63389 63.49806 5,277 Torghay
1%
Kazakhstan 159,265 43.33333 68.25 97,360 Turkestan
1%
Thailand 233,403 15.23844 104.84866 122,533 Ubon Ratchathani
1%
Mongolia 189,575 49.98111 92.06667 28,085 Ulaangom
1%
Mongolia 272,722 47.74167 96.84444 16,240 Uliastay
1%
Russia 150,307 60.41554 134.54405 3,062 Ust-Maya
1%
Russia 254,787 60.34679 102.28434 3,090 Vanavara
1%
Russia 172,216 63.74683 121.63339 9,948 Vilyuysk
1%
India 134,575 18 79.58333 557,802 Warangal
1%
China 142,970 39.68442 106.81582 218,427 Wuhai
1%
Laos 141,531 20.41592 104.04838 38,992 Xam Nua
1%
China 159,322 27.89642 102.26342 126,787 Xichang
1%
Thailand 102,931 6.53995 101.28128 93,558 Yala
1%
China 113,150 21.85564 111.96272 399,735 Yangjiang
1%
China 125,473 42.9075 129.50778 326,957 Yanji
1%
Russia 166,672 66.8654 70.83784 4,885 Yar-Sale
1%
Russia 302,137 61.28016 108.01535 2,019 Yerbogachen
1%
China 114,902 47.72143 128.87529 155,762 Yichun
1%
China 364,427 41.11312 80.26918 340,020 Yingbazha
1%
China 125,819 22.92832 112.03954 2,612,800 Yunfu
1%
Iran 119,210 36.6736 48.4787 357,471 Zanjan
1%
Russia 227,941 53.73601 127.257 26,999 Zeya
1%
China 158,969 38.93417 100.45167 96,228 Zhangye
1%
Kazakhstan 369,208 47.78333 67.76667 104,357 Zhezqazghan
1%
Russia 321,380 66.76601 123.37418 3,237 Zhigansk
1%
China 140,160 32.97944 114.02944 8,263,100 Zhumadian
1%
China 162,081 29.34162 104.77689 689,961 Zigong
1%
Russia 355,037 65.73489 150.89429 3,627 Zyryanka
1%
Iran 115,325 31.1608 52.6506 56,988 Abadeh
0%
Russia 100,304 52.655 90.09278 18,094 Abaza
0%
Saudi Arabia 150,791 24.50772 44.39237 54,474 Ad Dawadimi
0%
India 107,384 19.09457 74.73843 367,140 Ahmadnagar
0%
Russia 167,423 51.18333 90.6 12,593 Ak-Dovurak
0%
Saudi Arabia 177,186 20.01288 41.46767 88,419 Al Bahah
0%
Yemen 140,282 13.98523 45.57272 37,821 Al Bayda'
0%
Syria 121,296 34.45 40.91861 57,572 Albu Kamal
0%
Russia 198,215 50.89926 142.16215 12,024 Aleksandrovsk-Sakhalinskiy
0%
Russia 116,984 52.4926 82.7822 28,019 Aleysk
0%
Yemen 105,244 16.16406 44.77692 18,241 Al Hazm
0%
Saudi Arabia 129,429 25.36457 49.56532 293,179 Al Hufuf
0%
Iraq 101,978 32.5128 45.81817 315,162 Al Kut
0%
Saudi Arabia 135,626 22.43333 41.75829 7,364 Al Muwayh
0%
Saudi Arabia 187,778 28.31117 46.12729 20,685 Al Qaysumah
0%
Saudi Arabia 144,563 31.33176 37.34282 102,903 Al Qurayyat
0%
Oman 101,945 24.3643 56.74681 108,274 Al Sohar
0%
Saudi Arabia 187,698 26.60853 37.92316 32,413 Al 'Ula
0%
Saudi Arabia 152,117 26.24551 36.45248 26,636 Al Wajh
0%
Russia 124,790 60.90009 131.97882 6,151 Amga
0%
Iraq 158,481 31.05799 46.25726 400,249 An Nasiriyah
0%
Saudi Arabia 107,473 19.14547 42.1201 24,153 An Nimas
0%
Kazakhstan 114,237 51.1681 52.99782 34,799 Aqsay
0%
United Arab Emirates 163,830 24.11028 52.73056 16,000 Ar Ruways
0%
Russia 113,724 44.15254 133.27791 58,700 Arsen'yev
0%
Mongolia 158,861 46.26389 102.775 25,622 Arvayheer
0%
Yemen 148,990 14.53766 46.83187 37,315 Ataq
0%
Kazakhstan 177,142 51.80652 68.35996 34,797 Atbasar
0%
Russia 109,355 55.6065 159.64266 5,000 Atlasovo
0%
Yemen 158,608 15.93786 48.7864 1,281 At Tahalif
0%
India 104,411 27.5743 81.59588 182,218 Bahraich
0%
China 102,634 22.15 107.23333 63,629 Baihe
0%
China 170,102 45.68928 85.12441 93,697 Baijiantan
0%
China 211,470 23.89972 106.61333 90,603 Baise City
0%
China 108,513 41.93853 126.41965 183,880 Baishan
0%
Kazakhstan 122,166 44.80838 76.27214 6,965 Bakanas
0%
Russia 133,279 57.01861 82.07111 7,195 Bakchar
0%
India 102,145 21.49266 86.93348 114,321 Balasore
0%
Iran 179,195 28.9684 50.8385 165,377 Bandar-e Bushehr
0%
Iran 129,085 26.55792 54.88067 22,768 Bandar-e Lengeh
0%
India 171,626 25.74572 71.39211 89,487 Barmer
0%
Mongolia 204,179 46.19444 100.71806 26,252 Bayanhongor
0%
Kazakhstan 191,949 45.61667 63.31667 70,000 Baykonyr
0%
India 192,918 15.14575 76.91751 336,681 Bellary
0%
Russia 186,794 63.71194 66.67222 20,087 Beloyarskiy
0%
Russia 125,684 58.44472 85.0425 8,245 Belyy Yar
0%
Russia 141,970 62.09842 126.69574 5,948 Berdigestyakh
0%
Russia 125,220 51.66897 135.66584 5,633 Berezovyy
0%
Kazakhstan 203,470 45.31667 55.2 14,245 Beyneu
0%
India 169,446 25.24446 86.97183 361,548 Bhagalpur
0%
Myanmar 126,645 24.25256 97.23357 47,920 Bhamo
0%
India 109,922 30.20712 74.9414 242,800 Bhatinda
0%
India 122,234 25.34644 74.63523 326,431 Bhilwara
0%
Russia 106,475 58.38139 97.45306 11,209 Boguchany
0%
Iran 106,882 37.47473 57.32903 192,041 Bojnurd
0%
India 112,320 26.47703 90.55815 64,902 Bongaigaon
0%
Russia 109,141 50.38333 116.51667 30,421 Borzya
0%
India 151,716 19.31151 84.7929 324,726 Brahmapur
0%
Iran 127,056 36.521 46.2089 213,331 Bukan
0%
Iran 170,599 25.2919 60.643 47,287 Chabahar
0%
India 127,942 19.94711 79.29607 328,351 Chandrapur
0%
Kazakhstan 102,394 50.2 51.16667 6,000 Chapaev
0%
Mongolia 174,884 46.36111 108.36111 9,895 Choyr
0%
Thailand 150,879 10.4957 99.17971 55,835 Chumphon
0%
Russia 137,312 61.99858 132.43341 7,280 Churapcha
0%
Vietnam 117,863 8.68641 106.60824 1,500 Con Son
0%
China 151,956 26.5479 101.70539 461,513 Dadukou
0%
Pakistan 104,205 28.8947 64.41009 14,621 Dalbandin
0%
Russia 188,271 44.56039 135.57009 38,424 Dal'negorsk
0%
Myanmar 186,075 14.07375 98.19423 136,783 Dawei
0%
Russia 102,584 51.47543 140.76986 3,615 De-Kastri
0%
Pakistan 146,273 31.83269 70.9024 101,616 Dera Ismail Khan
0%
Kazakhstan 103,775 51.09922 66.31557 13,856 Derzhavinsk
0%
India 124,299 25.91174 93.7217 135,860 Dimapur
0%
Kazakhstan 202,383 45.255 82.48783 2,930 Dostyq
0%
Kazakhstan 105,221 50.25676 52.59895 6,262 Dzhambeyty
0%
Kazakhstan 156,472 52.19019 61.19894 43,104 Dzhetygara
0%
Kazakhstan 130,709 51.72371 75.32287 121,470 Ekibastuz
0%
China 118,847 30.3 109.48333 95,227 Enshi
0%
Kazakhstan 101,071 53.33367 75.45901 9,216 Ertis
0%
India 103,146 26.77691 82.13292 153,047 Faizabad
0%
Afghanistan 158,752 32.37451 62.11638 43,561 Farah
0%
Afghanistan 102,279 37.11664 70.58002 44,421 Fayzabad
0%
China 133,897 45.18333 124.81667 138,704 Fuyu
0%
India 107,641 29.92008 73.87496 231,838 Ganganagar
0%
China 176,028 50.78333 121.51667 73,631 Genhe
0%
Kazakhstan 103,427 49.32671 81.57373 22,047 Georgievka
0%
Iran 126,901 27.6652 54.1371 25,316 Gerash
0%
Iran 100,236 34.35286 58.68365 43,465 Gonabad
0%
Turkmenistan 118,502 37.81244 66.04656 34,745 Gowurdak
0%
Malaysia 103,205 4.8823 101.9644 19,731 Gua Musang
0%
Russia 120,265 64.434 76.50261 20,463 Gubkinskiy
0%
India 105,194 17.33764 76.83787 483,615 Gulbarga
0%
Saudi Arabia 117,032 27.78248 45.03675 1,488 Hajrat al Khinbish
0%
Mongolia 103,856 47.19753 102.82379 9,000 Harhorin
0%
Myanmar 114,207 17.64944 95.45706 134,947 Hinthada
0%
Japan 126,641 24.80379 125.30222 34,354 Hirara
0%
China 114,478 46.51872 86.00214 22,000 Hoxtolgay
0%
North Korea 140,225 41.40167 128.17778 192,680 Hyesan-si
0%
Russia 126,658 63.1906 64.4162 9,545 Igrim
0%
Russia 101,028 52.4227 136.48692 2,479 Imeni Poliny Osipenko
0%
Kazakhstan 151,841 48.55 51.78333 13,254 Inderbor
0%
Russia 139,788 56.11281 69.49015 67,762 Ishim
0%
China 244,152 50.41667 124.11667 135,760 Jagdaqi
0%
China 148,019 49.45 117.7 107,828 Jalai Nur
0%
India 119,458 21.01009 75.56843 429,298 Jalgaon
0%
India 120,686 18.8563 82.5716 80,837 Jaypur
0%
China 106,746 28.68028 121.44278 470,804 Jiaojiang
0%
China 102,805 37.02444 111.9125 77,178 Jiexiu
0%
India 105,309 26.75751 94.20306 69,033 Jorhat
0%
Russia 148,998 53.96056 105.88167 6,971 Kachug
0%
China 103,539 23.69767 103.30372 198,423 Kaiyuan
0%
Russia 156,969 53.7884 81.3423 44,564 Kamen'-na-Obi
0%
China 182,581 30.05127 101.96033 100,000 Kangding
0%
North Korea 141,897 40.96946 126.58523 209,530 Kanggye-si
0%
Malaysia 127,648 2.01667 112.93333 15,771 Kapit
0%
Russia 144,907 59.05556 80.85722 8,572 Kargasok
0%
India 126,521 34.55764 76.12622 13,838 Kargil
0%
Russia 102,966 53.05285 60.64903 28,503 Kartaly
0%
Russia 148,068 57.51972 79.51556 3,061 Kedrovyy
0%
Russia 108,374 62.65334 135.5667 6,796 Khandyga
0%
Pakistan 235,157 28.58333 65.41667 30,841 Kharan
0%
Afghanistan 108,809 31.52919 62.79055 15,133 Khash
0%
Iran 124,436 28.22107 61.21582 69,603 Khash
0%
Russia 113,748 51.36777 110.46804 10,627 Khilok
0%
Thailand 107,351 16.44671 102.833 147,579 Khon Kaen
0%
Russia 100,867 52.1663 109.77626 7,986 Khorinsk
0%
Russia 126,617 62.86333 61.64361 2,409 Khulimsunt
0%
Iran 111,260 38.5503 44.9521 175,370 Khvoy
0%
Russia 179,376 57.78528 108.11194 13,308 Kirensk
0%
Russia 217,546 58.68806 99.18444 15,670 Kodinsk
0%
Russia 114,423 62.26537 74.47906 57,800 Kogalym
0%
India 165,098 22.3458 82.69633 419,146 Korba
0%
Russia 147,210 49.99273 88.67598 5,732 Kosh-Agach
0%
China 194,565 41.72778 82.93639 68,105 Kuche
0%
Malaysia 132,123 6.8837 116.8477 32,393 Kudat
0%
Russia 169,589 50.59944 97.52278 1,820 Kungurtug
0%
Kazakhstan 127,513 50.75617 78.54188 10,747 Kurchatov
0%
Kazakhstan 136,560 48.56603 83.66146 8,800 Kurchum
0%
Vietnam 152,189 17.46885 106.62226 31,040 Kwang Binh
0%
Russia 168,085 49.57903 111.97638 4,452 Kyra
0%
Russia 108,318 51.6828 102.1408 5,334 Kyren
0%
Afghanistan 127,040 31.59382 64.37161 43,934 Lashkar Gah
0%
India 106,285 18.39721 76.56784 348,967 Latur
0%
China 111,813 26.4111 111.59559 88,935 Lengshuitan
0%
Kazakhstan 118,587 46.235 78.94556 5,350 Lepsy
0%
Russia 118,948 57.6198 63.0784 55,100 Lesnoy
0%
Russia 108,704 45.47885 133.42825 41,778 Lesozavodsk
0%
China 105,851 24.78186 112.3712 92,827 Lianzhou
0%
Myanmar 105,293 19.67798 97.20975 17,293 Loikaw
0%
Pakistan 115,020 30.37053 68.59798 37,787 Loralai
0%
Laos 218,026 19.88601 102.13503 47,378 Louangphabang
0%
Cambodia 109,779 13.48784 106.98158 19,205 Lumphat
0%
Thailand 101,157 16.71667 98.56667 44,563 Mae Sot
0%
Russia 100,858 53.45398 125.80932 11,739 Magdagachi
0%
Russia 124,275 56.17148 107.44166 7,638 Magistral'nyy
0%
Russia 107,844 56.21389 87.74722 43,122 Mariinsk
0%
Myanmar 106,996 23.64254 94.40478 44,540 Mawlaik
0%
Afghanistan 211,155 35.92139 64.78361 75,900 Maymana
0%
Myanmar 123,195 20.87776 95.85844 177,442 Meiktila
0%
Kazakhstan 141,790 48.88504 53.79194 6,213 Miyaly
0%
Russia 102,228 53.93345 139.9274 2,719 Mnogovershinnyy
0%
Russia 108,629 58.18401 94.69339 6,625 Motygino
0%
Kazakhstan 100,854 44.28461 72.9392 10,923 Moyynkum
0%
Laos 111,902 18.38261 103.65857 21,967 Muang Pakxan
0%
Laos 123,268 19.45 103.21667 37,507 Muang Phonsavan
0%
Tajikistan 225,505 38.17023 73.96674 10,815 Murghob
0%
Russia 152,708 65.4003 64.70278 3,209 Muzhi
0%
Russia 206,623 68.45972 73.59028 1,745 Mys-Kamennyy
0%
Russia 198,009 65.53333 72.51667 46,339 Nadym
0%
Maldives 134,289 5.44438 73.36571 5,044 Naifaru
0%
Thailand 124,628 15.70472 100.13717 91,802 Nakhon Sawan
0%
Russia 131,428 55.56975 71.35294 12,284 Nazyvayevsk
0%
China 133,076 48.48333 124.83333 108,253 Nehe
0%
Russia 178,064 51.98333 116.58333 15,360 Nerchinsk
0%
Russia 179,834 62.50523 139.05104 5,000 Nezhdaninskoe
0%
Russia 107,162 54.9076 99.0276 38,723 Nizhneudinsk
0%
Russia 121,047 51.79918 143.13871 10,098 Nogliki
0%
Russia 147,292 56.81639 118.29861 4,365 Novaya Chara
0%
Russia 138,730 56.15722 111.70556 4,184 Novyy Uoyan
0%
Mongolia 163,925 48.96833 89.9625 28,400 OElgiy
0%
Russia 135,639 50.75 86.15 5,406 Onguday
0%
Russia 183,874 52.5178 99.825 2,008 Orlik
0%
Pakistan 117,502 25.2088 64.6357 13,026 Ormara
0%
Iran 122,007 37.55274 45.07605 577,307 Orumiyeh
0%
Russia 205,967 51.49604 156.50102 2,615 Ozernovskiy
0%
India 100,954 33.46658 76.88488 25,000 Padam
0%
India 108,609 24.17097 72.43821 123,294 Palanpur
0%
Iran 127,855 39.6482 47.9174 101,661 Parsabad
0%
Myanmar 151,828 16.77919 94.73212 237,089 Pathein
0%
Russia 172,199 59.62889 112.74056 4,556 Peleduy
0%
Russia 105,493 51.2753 108.843 19,713 Petrovsk-Zabaykal'skiy
0%
India 113,186 27.13102 72.36826 46,788 Phalodi
0%
Vietnam 118,513 10.92889 108.10208 160,652 Phan Thiet
0%
Thailand 106,199 16.41904 101.16056 50,656 Phetchabun
0%
Thailand 181,629 16.82481 100.25858 103,427 Phitsanulok
0%
Laos 100,617 21.68372 102.10536 13,500 Phongsali
0%
China 135,396 35.53917 106.68611 108,156 Pingliang
0%
Vietnam 134,231 13.98333 108 114,225 Pleiku
0%
Russia 212,640 61.60111 90.01806 2,300 Podkamennaya Tunguska
0%
Kazakhstan 134,584 46.03106 73.70247 13,457 Priozersk
0%
India 102,538 14.7502 78.54813 177,797 Proddatur
0%
Saudi Arabia 119,042 20.00054 42.6052 81,828 Qal`at Bishah
0%
Kazakhstan 139,640 48.94509 79.25502 5,261 Qarauyl
0%
Kazakhstan 173,123 49.41287 75.47286 8,195 Qarqaraly
0%
Uzbekistan 134,059 38.86056 65.78905 222,898 Qarshi
0%
China 118,040 25.48333 103.78333 146,015 Qujing
0%
Kazakhstan 163,394 46.95307 54.01978 51,216 Qulsary
0%
Kazakhstan 108,225 52.45107 64.61977 8,049 Qusmuryn
0%
Saudi Arabia 140,113 22.79856 39.03493 41,759 Rabigh
0%
Russia 138,443 62.09611 77.475 47,679 Raduzhny
0%
Iran 105,207 30.4067 55.9939 147,680 Rafsanjan
0%
India 126,176 16.2047 77.354 225,962 Raichur
0%
India 133,625 17.00517 81.77784 304,804 Rajahmundry
0%
India 103,518 16.99154 73.31022 75,986 Ratnagiri
0%
Russia 141,795 49.78998 129.40992 23,745 Raychikhinsk
0%
Iran 169,834 36.2126 57.68191 226,183 Sabzevar
0%
Pakistan 141,846 28.30623 70.13065 189,876 Sadiqabad
0%
India 144,107 23.84251 78.74386 247,333 Sagar
0%
Thailand 147,457 17.16116 104.14725 76,237 Sakon Nakhon
0%
Russia 107,905 60.0625 71.47889 5,605 Salym
0%
Russia 106,263 50.6022 95.0047 3,477 Samagaltay
0%
India 164,531 21.45 83.96667 162,887 Sambalpur
0%
Russia 173,484 63.92301 127.47135 4,633 Sangar
0%
Thailand 122,913 15.15553 98.45361 10,000 Sangkhla Buri
0%
India 168,325 16.85438 74.56417 601,214 Sangli
0%
China 165,830 26.24861 117.61861 209,444 Sanming
0%
Iran 109,693 36.5449 61.1577 46,499 Sarakhs
0%
Russia 181,108 64.26102 60.90233 2,985 Saranpaul'
0%
Kazakhstan 128,830 45.41126 79.91545 76,919 Sarkand
0%
Kazakhstan 117,185 47.78333 78.71667 4,038 Sarykamys
0%
India 139,924 24.58224 80.8248 257,778 Satna
0%
Russia 114,757 54.1088 102.1648 43,949 Sayansk
0%
Kazakhstan 154,167 47 77.26667 4,543 Sayaq
0%
Kazakhstan 114,490 44.32781 53.53246 1,571 Sayotesh
0%
Kazakhstan 135,794 53.88261 67.41534 8,845 Sergeyevka
0%
Russia 100,414 56.34912 78.36189 5,373 Severnoye
0%
Russia 219,941 60.37552 93.03017 6,564 Severo-Yeniseyskiy
0%
Russia 148,477 62.93373 152.39109 3,455 Seymchan
0%
China 158,839 38.41667 77.24056 82,509 Shache
0%
Russia 111,752 56.0852 63.6335 79,479 Shadrinsk
0%
Russia 116,262 51.53333 92.8 11,415 Shagonar
0%
India 115,615 23.29356 81.3619 89,289 Shahdol
0%
Afghanistan 163,587 34.10738 64.3052 15,967 Shahrak
0%
Kazakhstan 198,179 48.03333 48.9 27,072 Shalkar
0%
China 103,166 27.34089 117.4831 112,585 Shaowu
0%
China 102,331 30.30722 112.24472 498,780 Shashi
0%
Afghanistan 102,712 36.66757 65.7529 55,641 Shibirghan
0%
Kazakhstan 123,841 44.16882 66.73887 29,832 Shieli
0%
India 136,150 13.93157 75.56791 319,550 Shimoga
0%
Afghanistan 103,005 33.30294 62.1474 29,264 Shindand
0%
China 109,504 26.15467 109.7138 8,320 Shuangjiang
0%
China 102,648 46.63611 131.15389 600,000 Shuangyashan
0%
Kazakhstan 144,507 48.88222 68.80722 1,247 Shubarkol
0%
Kazakhstan 135,303 44.83056 70.00194 2,405 Shyghanaq
0%
Pakistan 110,768 29.5448 67.8764 64,069 Sibi
0%
India 100,012 27.61206 75.13996 199,932 Sikar
0%
India 105,340 24.19973 82.67535 185,580 Singrauli
0%
Iraq 102,569 36.3209 41.87656 38,294 Sinjar
0%
Iran 163,530 29.45137 55.6809 207,645 Sirjan
0%
Russia 136,791 53.98473 123.9403 10,007 Skovorodino
0%
Russia 137,189 52.9978 78.6449 34,141 Slavgorod
0%
Russia 166,687 60.30217 137.55563 1,230 Solnechnyy
0%
Russia 126,714 52.52466 111.54124 5,840 Sosnovo-Ozerskoye
0%
Kazakhstan 131,897 52.35533 71.88641 46,736 Stepnogorsk
0%
China 102,402 46.63954 126.99508 252,245 Suihua
0%
Russia 131,982 62.14444 117.63194 8,639 Suntar
0%
Thailand 145,663 14.88181 103.49364 46,673 Surin
0%
Russia 192,354 46.54217 138.32973 1,109 Svetlaya
0%
Syria 122,945 34.56077 38.28055 51,015 Tadmur
0%
Russia 173,416 56.34162 114.90048 10,359 Taksimo
0%
Russia 115,183 61.37038 152.76878 1,054 Talaya
0%
Kazakhstan 202,626 45 77.91667 200,000 Taldyqorghan
0%
Russia 150,593 55.21904 75.98284 25,150 Tatarsk
0%
Russia 100,317 58.04254 65.27258 39,480 Tavda
0%
Russia 131,377 55.9342 98.0044 37,766 Tayshet
0%
Russia 168,641 67.4715 78.7162 5,981 Tazovskiy
0%
Russia 107,031 57.30679 88.16004 4,800 Tegul'det
0%
Turkmenistan 119,473 37.38338 60.50544 67,294 Tejen
0%
India 115,378 26.63333 92.8 58,851 Tezpur
0%
Vietnam 103,900 22.66568 106.25786 41,112 Thanh Pho Cao Bang
0%
Maldives 107,003 0.53333 72.93333 6,376 Thinadhoo
0%
Russia 115,022 52.46556 96.11796 2,214 Toora-Khem
0%
Iran 111,041 35.27401 59.21949 125,633 Torbat-e Heydariyeh
0%
Iran 127,716 35.244 60.6225 58,928 Torbat-e Jam
0%
Mongolia 155,448 48.75667 98.28389 9,526 Tosontsengel
0%
Thailand 104,601 7.55633 99.61141 66,713 Trang
0%
Russia 117,952 54.0979 61.5773 82,338 Troitsk
0%
Mongolia 107,432 47.475 101.45417 5,876 Tsetserleg
0%
Saudi Arabia 124,391 30.49987 38.21603 40,019 Tubarjal
0%
Russia 186,545 54.56358 100.58143 51,330 Tulun
0%
Saudi Arabia 126,508 21.21406 41.6331 23,235 Turabah
0%
Saudi Arabia 131,051 31.67252 38.66374 40,819 Turayf
0%
Russia 195,620 65.79479 87.95006 4,774 Turukhansk
0%
Russia 118,213 50.0477 132.15011 2,445 Tyrma
0%
Mongolia 127,746 47.33333 104.5 1,500 Ulaanhudag
0%
Saudi Arabia 130,962 25.02126 37.2685 33,874 Umm Lajj
0%
Mongolia 211,792 47.31944 110.65556 14,723 Undurkhaan
0%
Russia 226,344 60.13044 64.78896 39,878 Uray
0%
Afghanistan 162,446 32.92775 66.63253 13,388 Uruzgan
0%
Kazakhstan 132,229 47.09302 81.62939 14,826 Urzhar
0%
Russia 147,370 53.41116 109.03103 7,195 Ust'-Barguzin
0%
Russia 101,648 56.22778 162.47778 4,939 Ust'-Kamchatsk Staryy
0%
Russia 188,346 70.00208 135.54876 1,517 Ust-Kuyga
0%
Russia 135,231 61.13336 149.63283 4,515 Ust'-Omchug
0%
Maldives 143,720 2.50306 73.30859 2,077 Vilufushi
0%
Russia 122,206 46.45148 135.82738 3,452 Vostok
0%
Russia 119,488 50.09885 139.12284 3,926 Vysokogornyy
0%
China 110,086 18.80454 110.39512 64,954 Wancheng
0%
China 242,238 23.36306 104.25047 450,000 Wenshan City
0%
Saudi Arabia 160,514 24.08912 38.06374 200,161 Yanbu` al Bahr
0%
Iran 148,364 30.66824 51.58796 96,786 Yasuj
0%
Kazakhstan 117,258 51.62104 73.11082 14,169 Yereymentau
0%
Russia 130,087 53.96304 121.95805 5,409 Yerofey Pavlovich
0%
Japan 118,146 24.46667 123 1,684 Yonakuni
0%
Kazakhstan 198,286 48.61667 61.26667 4,673 Yrghyz
0%
Russia 142,869 61.31226 63.33068 30,878 Yugorsk
0%
Iran 180,633 31.0306 61.4949 121,989 Zabol
0%
Russia 140,403 50.3741 103.2863 12,250 Zakamensk
0%
China 112,161 48 122.71667 132,224 Zalantun
0%
China 105,589 37.28333 78.76667 13,027 Zangguy
0%
Kazakhstan 136,015 47.46657 84.87144 17,600 Zaysan
0%
China 136,739 27.31667 103.71667 109,400 Zhaotong
0%
Kazakhstan 138,504 44.1666 80.00655 34,422 Zharkent
0%
Russia 103,695 56.5768 104.1217 28,456 Zheleznogorsk-Ilimskiy
0%
Russia 105,654 54.81061 105.15808 5,272 Zhigalovo
0%
Pakistan 148,274 31.34111 69.44806 50,537 Zhob
0%
China 102,196 24.51667 103.76667 91,750 Zhongshu
0%
Kazakhstan 108,475 49.33333 49.4 6,834 Zhumysker
0%
No matching quizzes found
Score Distribution
Percent of People with Each Score
Percentile by Number Answered
Your Score History
You have not taken this quiz